El mecanismo de retribución por protección y conservación de páramos y bosques nativos: (Registro nro. 19779)
[ vista simple ]
| 000 -CABECERA | |
|---|---|
| Campo de control | 00778nam a2200181 a 4500 |
| 005 - FECHA Y HORA DE LA ULTIMA TRANSACCION | |
| Campo de control | 20170828161110.0 |
| 008 - ELEMENTOS DE LONGITUD FIJA—INFORMACION GENERAL | |
| Campo de control | 140303b2010 ec ||||| |||| 00| 0 spa d |
| 040 ## - FUENTE DE CATALOGACIÓN | |
| Agencia catalogadora original | CO-BoIAVH |
| Agencia transcriptora | CO-BoIAVH |
| 041 ## - IDIOMA | |
| Código de idioma para texto/pista de sonido o título separado | Español |
| 044 ## - PAÍS DE PUBLICACIÓN | |
| País de publicación | Ecuador |
| 090 ## - CLASIFICACIÓN LOCAL | |
| Colección | FG- |
| Consecutivo | 0144 |
| 100 1# - ASIENTO PRINCIPAL--NOMBRE PERSONAL | |
| Nombre personal | Guerrero Guerra, Aurelio |
| 9 (RLIN) | 83598 |
| 245 13 - MENCION DE TITULO | |
| Título | El mecanismo de retribución por protección y conservación de páramos y bosques nativos: |
| Parte restante del título | la experiencia del proyecto GPI-Proderena y los beneficiarios de la micro cuenca del río Chamachán en la parroquia Mariano Acosta, cantón Pimampiro |
| 260 ## - PUBLICACION, DISTRIBUCION, ETC. (PIE DE IMPRENTA) | |
| Lugar de publicación, distribución, etc. | Quito: |
| Nombre del editor, distribuidor, etc. | Unión Europea; |
| -- | Gobierno Provincial de Imbabura, |
| Fecha de publicación, distribución, etc. | 2010. |
| 300 ## - DESCRIPCION FISICA | |
| Extensión | 39 paginas. : |
| Otros detalles físicos | ilustraciones. ; |
| 650 #0 - ASIENTO SECUNDARIO DE MATERIA - TERMINO TEMATICO | |
| Término temático o nombre geográfico como elemento de entrada | Conservación de páramos |
| Subdivisión general | retribución |
| Subdivisión geográfica | Ecuador |
| 9 (RLIN) | 83599 |
| 942 ## - ELEMENTOS ADICIONALES (KOHA) | |
| Tipo de ítem | Folleto |
| Sistema de clasificación | Local |
| Withdrawn status | Lost status | Sistema de Clasificación | Damaged status | No para préstamo | Colección | Inventariado | Ubicación Permanente | Ubicación actual | Fecha de adquisición | Total Checkouts | Número topográfico | Inventario / Código de Barras | Date last seen | Ejemplar | Price effective from | Forma de adquisición | Tipo de material |
|---|---|---|---|---|---|---|---|---|---|---|---|---|---|---|---|---|---|
| Local | Hemeroteca | Inventariado 2017 | Bogotá | Bogotá | 28/08/2017 | FG-0144 | 041098 | 28/08/2017 | Ej. 1 | 28/08/2017 | Donación | Folleto |